Performance in a world of change : (Record no. 58751)
[ view plain ]
| 000 -LEADER | |
|---|---|
| fixed length control field | 00711nam a2200229 a 4500 |
| 001 - CONTROL NUMBER | |
| control field | 58751 |
| 003 - CONTROL NUMBER IDENTIFIER | |
| rucl marc code | BD-RjUL |
| 005 - DATE AND TIME OF LATEST TRANSACTION | |
| control field | 20211209080644.0 |
| 008 - FIXED-LENGTH DATA ELEMENTS--GENERAL INFORMATION | |
| fixed length control field | 161219s1980 ii ||||| |||| 00| 0 eng d |
| 020 ## - INTERNATIONAL STANDARD BOOK NUMBER | |
| International Standard Book Number | 0819112755 (case) |
| International Standard Book Number | 0819107859 (perfect) |
| 035 ## - SYSTEM CONTROL NUMBER | |
| System control number | (BD-RjUL)58875 |
| 040 ## - CATALOGING SOURCE | |
| Original cataloging agency | BD-RjUL |
| Language of cataloging | eng |
| Transcribing agency | BD-RjUL |
| 041 ## - LANGUAGE CODE | |
| Language code of text/sound track or separate title | eng |
| 082 ## - DEWEY DECIMAL CLASSIFICATION NUMBER | |
| Edition number | 23 |
| Classification number | 153.15 |
| Author mark and year | HOP 1980 |
| 100 ## - MAIN ENTRY--PERSONAL NAME | |
| Personal name | Howard, Robert |
| 9 (RLIN) | 174640 |
| 245 10 - TITLE STATEMENT | |
| Title | Performance in a world of change : |
| Remainder of title | perspective on learning environments / |
| Statement of responsibility, etc. | Robert Howard |
| 260 ## - PUBLICATION, DISTRIBUTION, ETC. (IMPRINT) | |
| Place of publication, distribution, etc. | Washington : |
| Name of publisher, distributor, etc. | University Press of America, |
| Date of publication, distribution, etc. | ©1980 |
| 300 ## - PHYSICAL DESCRIPTION | |
| Pagination | 200 p. : |
| Illustrations | ill. ; |
| Size | 23 cm. |
| 650 ## - SUBJECT ADDED ENTRY--TOPICAL TERM | |
| Topical term or geographic name as entry element | Learning, Psychology of. |
| 9 (RLIN) | 174641 |
| 942 ## - ADDED ENTRY ELEMENTS (KOHA) | |
| Source of classification or shelving scheme | Dewey Decimal Classification |
| Koha item type | Books |
| Lost status | Source of classification or shelving scheme | Damaged status | Not for loan | Collection code | Permanent Location | Current Location | Shelving location | Date acquired | Total Checkouts | Full call number | Date last seen | Copy number | Koha item type |
|---|---|---|---|---|---|---|---|---|---|---|---|---|---|
| Dewey Decimal Classification | Not For Loan | Non-fiction | Central Library, University of Rajshahi | Central Library, University of Rajshahi | Reading Room | 26/07/1987 | 153.15 HOP 1980 | 19/12/2016 | C-1 | Books |